| 000 | 01206cam a2200325 a 4500 | ||
|---|---|---|---|
| 001 | 2080 | ||
| 003 | FISKH | ||
| 005 | 20231106133956.0 | ||
| 008 | 020104s2001 nyua j 000 1 eng d | ||
| 010 | _a 00134975 | ||
| 020 | _a0375813454 | ||
| 020 | _a033500980497 | ||
| 040 |
_aIMF _cIMF _dDLC _beng |
||
| 042 | _alccopycat | ||
| 050 | 0 | 0 |
_aPZ7.A42526 _bSha 2001 |
| 082 | _a808.803 | ||
| 100 | 1 | _aAllen, Constance. | |
| 245 | 1 | 0 |
_aShake a leg! / _cby Constance Allen ; illustrated by Tom Cooke |
| 260 |
_aNew York : _bGolden Book, _c1991. |
||
| 300 |
_a24 pages : _bcolor illlustrations ; _c16 cm |
||
| 505 | _aF | ||
| 520 | _aIt's time for some exercise! So shake a leg and every other limb to get warmed up for some fitness and fun. Toddlers will have a good giggle as the Sesame monsters try different routines to get in shape. They can even follow along and get their own kid-sized workout. | ||
| 521 | 8 |
_a300
_bLexile estimate |
|
| 521 | 8 |
_aF
_bRaz-Plus |
|
| 650 | 0 |
_aExercise for children _vJuvenile fiction. |
|
| 650 | 0 |
_aPuppets _vJuvenile fiction. |
|
| 700 | 1 |
_aSwanson, Maggie, _eillustrator |
|
| 906 |
_a7 _bcbc _ccopycat _d2 _encip _f20 _gy-gencatlg |
||
| 942 |
_2ddc _cBK _n0 |
||
| 999 |
_c2080 _d2080 |
||